| 000 | 00336nam a22001457a 4500 | ||
|---|---|---|---|
| 003 | SGT | ||
| 082 |
_a930.999 _bL05R |
||
| 100 | _aRAO,U.R | ||
| 245 | _aLET US KNOW GANDHI JI | ||
| 250 | _a1ST | ||
| 260 |
_aNEW DELHI _bMINISTRY OF INFORMATION AND BROADCASTING _c2005 |
||
| 300 | _a153 | ||
| 650 | _aMASS COMMUNICATION | ||
| 942 |
_2ddc _cBK |
||
| 999 |
_c12948 _d12948 |
||